000 00454nam a2200169Ia 4500
008 210719s2002 xx 000 0 und d
020 _a8173714134
041 _aeng
082 _a510.02KAK SHIM
100 _aSHIRALI (Shailesh)
245 _aMathematical marvels adventures in problem solving.
260 _aHyderabad
_bUniversities Press
_c2002
300 _a318
_bPB
365 _b200
_cRs
650 _aMathematics
906 _aUniversities press
999 _c213828
_d213828